<?xml version="1.0" encoding="UTF-8"?>
<collection xmlns="http://www.loc.gov/MARC21/slim">
 <record>
  <leader>02559nam a22003498a 4500</leader>
  <controlfield tag="001">NCT_10775</controlfield>
  <controlfield tag="008">040524s2002              b   000 0 vieod</controlfield>
  <datafield tag="999" ind1=" " ind2=" ">
   <subfield code="c">519</subfield>
   <subfield code="d">519</subfield>
  </datafield>
  <datafield tag="020" ind1=" " ind2=" ">
   <subfield code="c">21500</subfield>
  </datafield>
  <datafield tag="082" ind1="0" ind2="4">
   <subfield code="2">23rd ed.</subfield>
   <subfield code="a">615.7</subfield>
   <subfield code="b">Ch527</subfield>
  </datafield>
  <datafield tag="100" ind1="1" ind2=" ">
   <subfield code="a">Nguyễn Năng An</subfield>
   <subfield code="e">Chủ biên</subfield>
  </datafield>
  <datafield tag="245" ind1="1" ind2="0">
   <subfield code="a">Chuyên đề dị ứng học :</subfield>
   <subfield code="b">Tài liệu giảng dạy cho đối tượng sau đại học</subfield>
   <subfield code="n">Tập 1</subfield>
   <subfield code="c">Nguyễn Năng An (chủ biên)</subfield>
  </datafield>
  <datafield tag="250" ind1=" " ind2=" ">
   <subfield code="a">Tái bản lần thứ 1</subfield>
  </datafield>
  <datafield tag="260" ind1=" " ind2=" ">
   <subfield code="a">H.</subfield>
   <subfield code="b">Y học</subfield>
   <subfield code="c">2002</subfield>
  </datafield>
  <datafield tag="300" ind1=" " ind2=" ">
   <subfield code="a">191tr : hình vẽ, bảng</subfield>
   <subfield code="c">27cm</subfield>
  </datafield>
  <datafield tag="500" ind1=" " ind2=" ">
   <subfield code="a">ĐTTS ghi: Trường Đại học Y Hà Nội. Bộ môn Dị ứng học</subfield>
  </datafield>
  <datafield tag="520" ind1="3" ind2=" ">
   <subfield code="a">Một số kiến thức hiện đại về cơ chế phát sinh bệnh dị ứng, những phương pháp chẩn đoán và điều trị đặc hiệu, những bệnh dị ứng thường gặp và cách xử lý</subfield>
  </datafield>
  <datafield tag="655" ind1=" " ind2=" ">
   <subfield code="a">Dược học</subfield>
  </datafield>
  <datafield tag="700" ind1="1" ind2=" ">
   <subfield code="a">Vũ Minh Thục</subfield>
  </datafield>
  <datafield tag="700" ind1="1" ind2=" ">
   <subfield code="a">Lê Văn Khang</subfield>
  </datafield>
  <datafield tag="700" ind1="1" ind2=" ">
   <subfield code="a">Phan Quang Đoàn</subfield>
  </datafield>
  <datafield tag="942" ind1=" " ind2=" ">
   <subfield code="2">ddc</subfield>
   <subfield code="c">BK</subfield>
  </datafield>
  <datafield tag="952" ind1=" " ind2=" ">
   <subfield code="0">0</subfield>
   <subfield code="1">0</subfield>
   <subfield code="2">ddc</subfield>
   <subfield code="4">0</subfield>
   <subfield code="6">615_700000000000000_CH527</subfield>
   <subfield code="7">0</subfield>
   <subfield code="9">3399</subfield>
   <subfield code="a">000001</subfield>
   <subfield code="b">000001</subfield>
   <subfield code="d">2017-11-11</subfield>
   <subfield code="o">615.7 Ch527</subfield>
   <subfield code="p">MD.06171</subfield>
   <subfield code="r">2017-11-11</subfield>
   <subfield code="v">21500.00</subfield>
   <subfield code="w">2017-11-11</subfield>
   <subfield code="y">BK</subfield>
  </datafield>
  <datafield tag="952" ind1=" " ind2=" ">
   <subfield code="0">0</subfield>
   <subfield code="1">0</subfield>
   <subfield code="2">ddc</subfield>
   <subfield code="4">0</subfield>
   <subfield code="6">615_700000000000000_CH527</subfield>
   <subfield code="7">0</subfield>
   <subfield code="9">3400</subfield>
   <subfield code="a">000001</subfield>
   <subfield code="b">000001</subfield>
   <subfield code="d">2017-11-11</subfield>
   <subfield code="o">615.7 Ch527</subfield>
   <subfield code="p">MD.06172</subfield>
   <subfield code="r">2017-11-11</subfield>
   <subfield code="v">21500.00</subfield>
   <subfield code="w">2017-11-11</subfield>
   <subfield code="y">BK</subfield>
  </datafield>
  <datafield tag="952" ind1=" " ind2=" ">
   <subfield code="0">0</subfield>
   <subfield code="1">0</subfield>
   <subfield code="2">ddc</subfield>
   <subfield code="4">0</subfield>
   <subfield code="6">615_700000000000000_CH527</subfield>
   <subfield code="7">0</subfield>
   <subfield code="9">3401</subfield>
   <subfield code="a">000001</subfield>
   <subfield code="b">000001</subfield>
   <subfield code="d">2017-11-11</subfield>
   <subfield code="o">615.7 Ch527</subfield>
   <subfield code="p">MD.06173</subfield>
   <subfield code="r">2017-11-11</subfield>
   <subfield code="v">21500.00</subfield>
   <subfield code="w">2017-11-11</subfield>
   <subfield code="y">BK</subfield>
  </datafield>
  <datafield tag="952" ind1=" " ind2=" ">
   <subfield code="0">0</subfield>
   <subfield code="1">0</subfield>
   <subfield code="2">ddc</subfield>
   <subfield code="4">0</subfield>
   <subfield code="6">615_700000000000000_CH527</subfield>
   <subfield code="7">0</subfield>
   <subfield code="9">3402</subfield>
   <subfield code="a">000001</subfield>
   <subfield code="b">000001</subfield>
   <subfield code="d">2017-11-11</subfield>
   <subfield code="o">615.7 Ch527</subfield>
   <subfield code="p">MD.06174</subfield>
   <subfield code="r">2018-10-29</subfield>
   <subfield code="v">21500.00</subfield>
   <subfield code="w">2017-11-11</subfield>
   <subfield code="y">BK</subfield>
  </datafield>
  <datafield tag="952" ind1=" " ind2=" ">
   <subfield code="0">0</subfield>
   <subfield code="1">0</subfield>
   <subfield code="2">ddc</subfield>
   <subfield code="4">0</subfield>
   <subfield code="6">615_700000000000000_CH527</subfield>
   <subfield code="7">0</subfield>
   <subfield code="9">3403</subfield>
   <subfield code="a">000001</subfield>
   <subfield code="b">000001</subfield>
   <subfield code="d">2017-11-11</subfield>
   <subfield code="o">615.7 Ch527</subfield>
   <subfield code="p">MD.06175</subfield>
   <subfield code="r">2017-11-11</subfield>
   <subfield code="v">21500.00</subfield>
   <subfield code="w">2017-11-11</subfield>
   <subfield code="y">BK</subfield>
  </datafield>
  <datafield tag="952" ind1=" " ind2=" ">
   <subfield code="0">0</subfield>
   <subfield code="1">0</subfield>
   <subfield code="2">ddc</subfield>
   <subfield code="4">0</subfield>
   <subfield code="6">615_700000000000000_CH527</subfield>
   <subfield code="7">0</subfield>
   <subfield code="9">3404</subfield>
   <subfield code="a">000001</subfield>
   <subfield code="b">000001</subfield>
   <subfield code="d">2017-11-11</subfield>
   <subfield code="o">615.7 Ch527</subfield>
   <subfield code="p">MD.06176</subfield>
   <subfield code="r">2017-11-11</subfield>
   <subfield code="v">21500.00</subfield>
   <subfield code="w">2017-11-11</subfield>
   <subfield code="y">BK</subfield>
  </datafield>
  <datafield tag="952" ind1=" " ind2=" ">
   <subfield code="0">0</subfield>
   <subfield code="1">0</subfield>
   <subfield code="2">ddc</subfield>
   <subfield code="4">0</subfield>
   <subfield code="6">615_700000000000000_CH527</subfield>
   <subfield code="7">0</subfield>
   <subfield code="9">3405</subfield>
   <subfield code="a">000001</subfield>
   <subfield code="b">000001</subfield>
   <subfield code="d">2017-11-11</subfield>
   <subfield code="o">615.7 Ch527</subfield>
   <subfield code="p">MD.06177</subfield>
   <subfield code="r">2017-11-11</subfield>
   <subfield code="v">21500.00</subfield>
   <subfield code="w">2017-11-11</subfield>
   <subfield code="y">BK</subfield>
  </datafield>
  <datafield tag="952" ind1=" " ind2=" ">
   <subfield code="0">0</subfield>
   <subfield code="1">0</subfield>
   <subfield code="2">ddc</subfield>
   <subfield code="4">0</subfield>
   <subfield code="6">615_700000000000000_CH527</subfield>
   <subfield code="7">0</subfield>
   <subfield code="9">3406</subfield>
   <subfield code="a">000001</subfield>
   <subfield code="b">000001</subfield>
   <subfield code="d">2017-11-11</subfield>
   <subfield code="o">615.7 Ch527</subfield>
   <subfield code="p">MD.06178</subfield>
   <subfield code="r">2018-07-04</subfield>
   <subfield code="v">21500.00</subfield>
   <subfield code="w">2017-11-11</subfield>
   <subfield code="y">BK</subfield>
  </datafield>
  <datafield tag="952" ind1=" " ind2=" ">
   <subfield code="0">0</subfield>
   <subfield code="1">0</subfield>
   <subfield code="2">ddc</subfield>
   <subfield code="4">0</subfield>
   <subfield code="6">615_700000000000000_CH527</subfield>
   <subfield code="7">0</subfield>
   <subfield code="9">3407</subfield>
   <subfield code="a">000001</subfield>
   <subfield code="b">000001</subfield>
   <subfield code="d">2017-11-11</subfield>
   <subfield code="l">2</subfield>
   <subfield code="o">615.7 Ch527</subfield>
   <subfield code="p">MD.06179</subfield>
   <subfield code="r">2018-11-23</subfield>
   <subfield code="s">2018-11-12</subfield>
   <subfield code="v">21500.00</subfield>
   <subfield code="w">2017-11-11</subfield>
   <subfield code="y">BK</subfield>
  </datafield>
  <datafield tag="980" ind1=" " ind2=" ">
   <subfield code="a">Thư viện Trường Đại học Nam Cần Thơ</subfield>
  </datafield>
 </record>
</collection>
